000 00917nam a22002417a 4500
999 _c836
_d836
003 AR-BaISA
005 20220404200213.0
006 a||||fr|||| 00| 0
007 ta
008 220404s2021 ag ||||f |||| 00| 0 spa d
020 _a9789877370652
040 _bspa
_cAR-BaISA
082 0 4 _222
_a303.483 4 C674
100 1 _91979
_aCosta, Flavia
_eaut.
245 1 0 _aTecnoceno:
_balgoritmos, biohackers y nuevas formas de vida /
_cFlavia Costa
260 _aBuenos Aires:
_bTaurus,
_c2021
300 _a189 p.
504 _aBibliografía p.: [179]-190
505 _tEl vértigo del salto de escala --
_tBig Data, algoritmos y el nuevo orden informacional --
_tHacktivismo, biometría y vigilanacia genética --
_tFormas de vida infotecnológicas --
_tEl malestar de la cultura digital
650 1 4 _91980
_aBig Data
_vaspectos socioculturales
650 1 4 _91980
_aBig Data
_vaspectos económicos
942 _2ddc
_cLI
_e22